| 000 | 01073cam a22002054a 4500 | ||
|---|---|---|---|
| 005 | 20250605164045.0 | ||
| 008 | 250528s ||||||||||||||||||||||||d | ||
| 035 | _a17110 | ||
| 020 | _a6812010 | ||
| 040 |
_aGR-AtMCL _bgre _dGR-AtMCL _eAACR2 |
||
| 245 | 1 | _aEncouraging Community Development / A Training Guide for Local Workers | |
| 260 |
_bHolt, Rinehart And Winston, _c1968 |
||
| 300 | _a228 | ||
| 520 | _aPreface, Introduction, The Community Development Volunteer, Who Are the People To Be Served?, What Is the Process, Forming a Larger Working Group, The Increase of Sensitivity, Learning Leadership, Establishing Friendship that Encourages, How People Build a Sense of Community, Some Typical Beginning Activities, Some More Complicated Activities, An Encourager in Action, A Citizen Group in Action, Reconciling Community Conflict, The Ethics of Influence, The Process Continues, What Is the Future for Volunteers?, Index. | ||
| 700 | 1 |
_aBiddle Loureide J. _93250 |
|
| 700 | 1 |
_aBiddle William W. _93251 |
|
| 942 | _cBK | ||
| 999 |
_c2550 _d2550 |
||